000 00678nam a2200193Ia 4500
003 GCL
008 140319s9999 xx 000 0 ara d
040 _aGCL /
_cGCL
082 0 4 _a393.9
_bع م
100 1 _aعبدالحليم حفنى
245 1 0 _aالمراثى الشعبية العديد البحث الفائز بجائزة المجلس الاعلى للفنون والاداب /
_cعبدالحليم حفنى
300 _a279 ص
490 _aالهيئة العامة للاستعلامات
_v0
650 0 4 _aالعادات والتقاليد
650 0 4 _aالفولكلور
650 0 4 _aالطقوس الدينية
650 0 4 _aالحزن
942 _2ddc
_cBK
999 _c49512
_d49512